000 00601nam a22001815i 4500
001 170555
003 ES-MaACL
005 20230906214409.0
008 090316s1964 fr |||| | fre d
080 _a262.13(091)
100 0 _aDominique, Pierre.
_945262
245 1 0 _aHistoire des papes /
_cpar Pierre Dominique.
260 _aParis :
_bCrapouillot,
_c1964.
300 _a67 p. :
_bil. ;
_c32 cm.
500 _aEs el nº 64 de la revista Crapouillot, de abril de 1964.
650 1 4 _aPapas-
_xHistoria.
_915819
852 _aES-MaACL
_j2278-F-1
_9R.141192
_z.- Biblioteca Jacinto Martínez Lacalle
999 _c170555
_d170555